| 000 | 01052nam a22002415a 4500 | ||
|---|---|---|---|
| 003 | OSt | ||
| 005 | 20170227124013.0 | ||
| 008 | 170215s2009 ua frb 000 0 eng d | ||
| 015 | _a2009 / 2199 | ||
| 020 | _a9789770459321 | ||
| 040 |
_aEG-ScBUE _bara _cEG-ScBUE |
||
| 082 | 0 | 4 |
_a346.020285 _bز م ز _222 |
| 100 | 1 | _aزمزمي، إبراهيم بن أحمد بن سعيد. | |
| 245 | 1 | 2 |
_aالقانون الواجب التطبيق في منازعات عقود التجارة الإلكترونية : _bدراسة مقارنة / _cتأليف إبراهيم بن أحمد بن سعيد زمزمي. |
| 260 |
_aالقاهرة : _bدار النهضة العربية، _c2009. |
||
| 300 |
_a489 ص. ؛ _c24 سم. |
||
| 504 | _aيشتمل على إرجاعات ببليوجرافية. | ||
| 650 | 7 |
_aالعقود الإلكترونية _xقوانين وتشريعات. _2BUEsh _941111 |
|
| 650 | 7 |
_aالتجارة الإلكترونية _xقوانين وتشريعات. _941112 _2BUEsh |
|
| 651 | _2BUEsh | ||
| 653 |
_bLLAAWW _cFebruary2017 |
||
| 942 | _2ddc | ||
| 999 |
_c24172 _d24144 |
||